Ztracená vláda věcí tvých se k tobě navrátí = The rule over your affairs once lost will return to you /

Hlavní autor: Fialková, Elena, 1990-
Korporativní autor: Vysoká škola uměleckoprůmyslová. Technologické centrum
Další autoři: Galeta, Jan, 1982-, Hanáčková, Marcela, 1979-, Hejmová, Anna, 1982-, Hnídková, Vendula, 1978-, Janečková, Michaela, 1982-, Jirkalová, Karolína, 1976-, Kerdová, Lenka, 1988-, Klíma, Petr, 1981-, Märc, Vojtěch, Říha, Cyril, 1975-, Tharp, Martin, 1970-
Jazyk: Slovenština
Čeština
Angličtina
Vydáno: V Praze : Vysoká škola uměleckoprůmyslová, 2022
Vydání: Vydání první
Edice: Architektura a česká politika
Témata:
Fyzický popis: 654 stran : ilustrace (převážně barevné), mapy, portréty, plány, faksimile ; 22 cm
Language note: Částečně slovenský text, souběžný anglický text
Knihy
Uloženo v:
LEADER 03689nam a2200781 i 4500
001 nkc20213375104
003 CZ PrNK
005 20230328121706.0
007 ta
008 211117s2022 xr abcef 001 0 cze
015 |a cnb003375104 
020 |a 978-80-88308-57-7  |q (brožováno) 
035 |a (OCoLC)1372330248 
040 |a OLA001  |b cze  |d ABA001  |e rda 
041 1 |a cze  |a eng  |a slo  |h cze  |h slo 
043 |a e-xr--- 
045 |a x8y- 
072 7 |a 72  |x Architektura  |2 Konspekt  |9 21 
080 |a 72(437.3)  |2 MRF 
080 |a 72.012.1  |2 MRF 
080 |a 72:316.72/75  |2 MRF 
080 |a 72/76:32  |2 MRF 
080 |a (437.3)  |2 MRF 
080 |a (048.8:082)  |2 MRF 
100 1 |a Fialková, Elena,  |d 1990-  |7 mzk2018991991  |4 aut 
245 1 0 |a Ztracená vláda věcí tvých se k tobě navrátí =  |b The rule over your affairs once lost will return to you /  |c texty: Elena Fialková, Jan Galeta, Marcela Hanáčková, Anna Hejmová, Vendula Hnídková, Michaela Janečková, Karolina Jirkalová, Lenka Kerdová, Petr Klíma, Vojtěch Märc, Cyril Říha ; překlad: Martin Tharp 
246 3 1 |a Rule over your affairs once lost will return to you 
250 |a Vydání první 
264 1 |a V Praze :  |b Vysoká škola uměleckoprůmyslová,  |c 2022 
300 |a 654 stran :  |b ilustrace (převážně barevné), mapy, portréty, plány, faksimile ;  |c 22 cm 
336 |a text  |b txt  |2 rdacontent 
337 |a bez média  |b n  |2 rdamedia 
338 |a svazek  |b nc  |2 rdacarrier 
490 1 |a Architektura a česká politika po roce 1989 =  |a Architecture and Czech politics after 1989 ;  |v 4 
500 |a Na hřbetu označení: 1989-2022 
500 |a Doprovodná publikace ke stejnojmenné výstavě konané od 17.12.2021 do 19.2.2022 v Technologickém centru UMPRUM 
504 |a Obsahuje bibliografii, bibliografické odkazy a rejstřík 
546 |a Částečně slovenský text, souběžný anglický text 
648 7 |a od 1989  |7 ch462156  |2 czenas 
650 0 7 |a česká architektura  |7 ph128102  |y od 1989  |2 czenas 
650 0 7 |a architektonické projekty  |7 ph137760  |z Česko  |y od 1989  |2 czenas 
650 0 7 |a architektura a společnost  |7 ph166048  |z Česko  |y od 1989  |2 czenas 
650 0 7 |a umění a politika  |7 ph126925  |z Česko  |y od 1989  |2 czenas 
650 0 9 |a Czech architecture  |y 1989-  |2 eczenas 
650 0 9 |a architectural projects  |z Czechia  |y 1989-  |2 eczenas 
650 0 9 |a architecture and society  |z Czechia  |y 1989-  |2 eczenas 
650 0 9 |a art and politics  |z Czechia  |y 1989-  |2 eczenas 
655 7 |a kolektivní monografie  |7 fd501537  |2 czenas 
655 9 |a collective monographs  |2 eczenas 
700 1 |a Galeta, Jan,  |d 1982-  |7 xx0072549  |4 aut 
700 1 |a Hanáčková, Marcela,  |d 1979-  |7 xx0200186  |4 aut 
700 1 |a Hejmová, Anna,  |d 1982-  |7 pna2012710949  |4 aut 
700 1 |a Hnídková, Vendula,  |d 1978-  |7 mzk2006343099  |4 aut 
700 1 |a Janečková, Michaela,  |d 1982-  |7 jo2015863283  |4 aut 
700 1 |a Jirkalová, Karolína,  |d 1976-  |7 xx0027945  |4 aut 
700 1 |a Kerdová, Lenka,  |d 1988-  |7 hka20211105261  |4 aut 
700 1 |a Klíma, Petr,  |d 1981-  |7 jo2006324959  |4 aut 
700 1 |a Märc, Vojtěch  |7 hka2017949276  |4 aut 
700 1 |a Říha, Cyril,  |d 1975-  |7 xx0012936  |4 aut  |4 edt 
700 1 |a Tharp, Martin,  |d 1970-  |7 ntka174143  |4 trl 
710 2 |a Vysoká škola uměleckoprůmyslová.  |b Technologické centrum  |7 olak20221151077  |4 orm 
830 0 |a Architektura a česká politika  |0 s 
910 2 |a BOA001  |b 2-1499.969 
990 |a BK 
995 |a 01 
991 |b 202301  |c NOV 
996 6 |b 2610927094  |c 2-1499.969  |l MZK  |r Sklad / do 1 hodiny  |n 0  |p p.v.  |w 001909121  |u 000010  |a 1  |e BOA001  |j MZK50  |s P 
996 7 |b 2610930613  |c 2-1499.969  |l MZK  |r Sklad / do 1 hodiny  |n 2  |p kup  |w 001909121  |u 000020  |a 1  |e BOA001  |j MZK50  |s A